01421cam a22002897i 4500001000500000005001700005020001800022040002800040050001300068082000800081100002100089245007200110260004800182300004800230490003600278505000800314520036500322521002000687521002000707650002700727700002600754906004500780942001500825999001500840952014300855952013300998338520250612095053.0 a9781618103291 aDLCbengcDLCerdadDLC00aPZ7.S84500a8231 aSteinkraus, Kyla10aMoney down the drain /cby Kyla Steinkraus ; illustrated by Ed Myer aFlorida : bRourke Education Media , c2013 a24 pages :bcolored illustrations ;c21 cm.0 aLittle birdie booksvLevels 2-3 aN  aWendy was always being forgetful. She never turns off lights, or the TV and always leaves the fridge open when searching for a snack. When her mom tells here that is like throwing money down the drain Wendy finally thinks she understands. She starts to empty the money from her piggy bank down the drain until her mom explains that was just a figure of speech. a570 bLexile  aN bRaz-Plus  apicture booksvFiction1 aMyer, Edeillustrator a7bcbccorignewd4eepcnf20gy-gencatlg 2ddccBKn0 c3385d3385 00102ddc40708JUVFa002b002cTTP Yellow d2024-03-01l3oSTE 823 PZ7.S845pFISTK00956r2026-03-05 08:07:20s2026-02-26w2024-03-01yBK 00102ddc40708JUVFa002b002cTTP Yellow d2025-06-12l0oSTE 823 PZ7.S845p2025-1594r2025-06-12 09:50:51t2w2025-06-12yBK